Landkreise in Deutschland - Multiple Choice - Statistiken

Allgemein
  • Dieses Quiz wurde 114 mal gespielt
  • Das Durchschnittsergebnis liegt bei 4 aus 8
Antwortstatistiken
Frage Antwort % Korrekt
Was ist der flächenmäßig größte Landkreis in Deutschland? Mecklenburgische Seenplatte (Mecklenburg-Vorpommern)
95%
Welcher Landkreis hat die wenigsten Einwohner? Lüchow-Dannenberg (Niedersachsen)
68%
Welcher deutsche Landkreis ist der flächenmäßig kleinste und belegt bei der Bevölkerungsdichte Platz 2? Main-Taunus (Hessen)
52%
Welche Aussage stimmt nicht? Die beiden nach Einwohnern größten Flächenländer sind die mit den meisten Landkreisen
50%
Wie viele Landkreise in Deutschland beginnen mit "Rhein"? 9
48%
Welcher Landkreis hat die meisten Gemeinden? Eifelkreis Bitburg-Prüm (Rheinland-Pfalz)
45%
In welchen deutschen Bundesländern werden Landkreise schlicht "Kreise" genannt. Nordrhein-Westfalen und Schleswig-Holstein
43%
Welcher Landkreis hat die höchste Bevölkerungsdichte und ist auch der siebtkleinste? Mettmann (Nordrhein-Westfalen)
32%
Keine übereinstimmenden Quizze gefunden
Verteilung der Resultate
Anzahl Personen mit jedem Resultat
Perzentil nach korrekt beantworteten Fragen
Ihre Resultats-Entwicklung
Sie haben dieses Quiz noch nicht gespielt